Movies Quiz

Random Movies or Halloween Quiz

Ghost Movies by Image Quiz Stats

 Plays Quiz Updated Oct 15, 2016

Challenge
Share
Tweet
Score 0/20 Timer 06:00
12 Plays Today
Movie % Correct
Casper
97.3%
The Lion King
92.1%
Ghost
91.8%
Star Wars: Episode VI- Return of the Jedi
87.6%
Harry Potter and the Chamber of Secrets
87.5%
The Shining
84.5%
The Sixth Sense
82.7%
Field of Dreams
78.8%
The Ring
78.1%
Beetlejuice
76.2%
Movie % Correct
Ghostbusters
71.3%
A Nightmare on Elm Street
65.8%
The Others
48.5%
Scrooged
47.8%
Poltergeist
46.1%
The Grudge
45%
Sleepy Hollow
31.8%
Thir13en Ghosts
25.6%
Coraline
24.9%
The Frighteners
22.4%

You're not logged in!

Compare scores with friends on all Sporcle quizzes.
OR
Log In

You Might Also Like...

Show Comments

Extras

Top Quizzes Today


Score Distribution

Your Account Isn't Verified!

In order to create a playlist on Sporcle, you need to verify the email address you used during registration. Go to your Sporcle Settings to finish the process.

Report this User

Report this user for behavior that violates our Community Guidelines.

Details: